00526nam a2200181 a 45000010010000000030011000100080041000210350026000620820014000881000018001022450031001202600041001516500015001929420012002079520090002199980020003099990015003290000-9106ELIB.Books110520 1946  a(ELIB.Books)0000-9255 a150 bAdl aAdler, Alfred aUnderstanding Human Nature bNew York: Greenbere Publisher c1946 aPsychology 2ddccBK 00102ddc4070aKBTSbKBTSd2011-05-20l0p8998r2022-01-22 00:00:00w2022-01-22yBK cbate2011-05-20 c9106d9106